Powerlines : words that sell brands,grip fans,and sometimes change history

Bibliographic Details
Main Author: Cone,Steve
Format: Book
Language:English
Published: New Delhi : Viva Books , 2009
Subjects:

MARC

LEADER 00000cam a2200000 7i4500
001 0000024401
005 20120511.0
008 120508s ii o eng
020 |a 8130911264 ,   |c RM177.00 
040 |a INS 
090 0 0 |a HF6135   |b C57 2009 
100 1 |a Cone,Steve 
245 1 0 |a Powerlines :   |b words that sell brands,grip fans,and sometimes change history   |c Steve Cone 
260 |a New Delhi :   |b Viva Books ,   |c 2009 
300 |a xvii,251p. :   |b ill. ;   |c 23cm. 
500 |a Includes index 
504 |a Bibliography : 243p. 
650 0 |a Advertising 
650 0 |a Brand name products 
650 0 |a Marketing 
650 0 |a Slogans 
999 |a 1000000876   |b BOOK   |c Open Shelf   |e Default branch